000 00726nam a22002297a 4500
005 20150604125118.0
008 150417b xxu||||| |||| 00| 0 eng d
010 _aENG-112732
020 _c495.00
_a9789381335994
035 _aEN-96264
037 _bDBAD / PUB
040 _adpl
_bEnglish
082 _a657.48
100 _aChandrashekara, B.
245 _aFinancial accounting /
_cby B.Chandrashekara, K. Ramachandra [and] Y.Govindappa
260 _aNew Delhi
_bInternational Book House
_c2013
270 _a2/42, Ansar Road, Darya Ganj
_bNew Delhi
_e110002
300 _avarious pagings
_c24cm(pbk)
700 _aRamachandra, K.
700 _aGovindappa, Y.
942 _2ddc
_cEN
_mCHA
_h657.48
999 _c93062
_d93062